El auténtico Espronceda pornográfico y el apócrifo en general (Registro nro. 41149)

Detalles MARC
000 -LEADER
campo de control de longitud fija 00655nam a2200181 i 4500
001 - NÚMERO DE CONTROL
campo de control 41149
003 - IDENTIFICADOR DE NÚMERO DE CONTROL
campo de control ES-MaACL
005 - FECHA Y HORA DE LA ÚLTIMA TRANSACCIÓN
campo de control 20250804063400.0
007 - CAMPO FIJO DE DESCRIPCIÓN FÍSICA--INFORMACIÓN GENERAL
campo de control de longitud fija t|
008 - DATOS DE LONGITUD FIJA--INFORMACIÓN GENERAL
campo de control de longitud fija 030310s1932 sp ||||1| spa d
100 1# - ENTRADA PRINCIPAL--NOMBRE DE PERSONA
Nombre de persona Cascales Muñoz, José,
Fechas asociadas al nombre 1865-1933
9 (RLIN) 36269
245 13 - MENCIÓN DEL TÍTULO
Título El auténtico Espronceda pornográfico y el apócrifo en general
Resto del título : estudio crítico vindicativo al que precede la biografía del gran poeta /
Mención de responsabilidad, etc. José Cascales Muñoz.
260 ## - PUBLICACIÓN, DISTRIBUCIÓN, ETC.
Lugar de publicación, distribución, etc. Toledo :
Nombre del editor, distribuidor, etc. Colegio de Huerfano,
Fecha de publicación, distribución, etc. 1932.
300 ## - DESCRIPCIÓN FÍSICA
Extensión 122 p. ;
Dimensiones 19 cm.
600 14 - PUNTO DE ACCESO ADICIONAL DE MATERIA--NOMBRE DE PERSONA
Nombre de persona Espronceda, José de,
Fechas asociadas al nombre 1808-1842
9 (RLIN) 47951
852 ## - LOCALIZACIÓN
Ubicación ES-MaACL
Número de control de estantería F-13856
Existencias
Estatus retirado Estado de pérdida Estado de daño No para préstamo Biblioteca de origen Biblioteca actual Ubicación en estantería Fecha de adquisición Fuente de adquisición Total de préstamos Signatura topográfica completa Código de barras Visto por última vez Precio de reemplazo Tipo de ítem Koha
        Biblioteca del Ateneo de Madrid Biblioteca del Ateneo de Madrid Sala Pecera Planta 2 17/01/2008     F-13856 1043322 23/02/2023 23/02/2023 Libro impreso